Guess the Taylor Swift song #2 - Statistics

General Stats
  • This quiz has been taken 28 times
  • The average score is 246 of 334
Answer Stats
Answer % Correct
I
100%
the
100%
"You
100%
you
100%
you,
100%
you.
100%
when
95%
a
90%
like
90%
me
90%
to
90%
your
90%
and
85%
And
85%
in
85%
is
85%
so
85%
So
85%
But
80%
He
80%
he
80%
I'm
80%
love
80%
my
80%
of
80%
that
80%
all
75%
all,
75%
are
75%
at
75%
for
75%
it's
75%
It's
75%
look
75%
were
75%
act
70%
beautiful
70%
car
70%
could
70%
fine,
70%
get
70%
hear
70%
insane
70%
insane,
70%
kissing
70%
loved
70%
never
70%
Never
70%
not
70%
rain
70%
rain,
70%
Screaming
70%
screaming
70%
that's
70%
way
70%
will.
70%
with
70%
business
65%
cursing
65%
down
65%
father
65%
feel
65%
fighting
65%
friends
65%
his
65%
into
65%
knew
65%
miss,
65%
miss
65%
mother,
65%
name.
65%
name,
65%
Oh
65%
Oh,
65%
oh
65%
perfectly
65%
tonight."
65%
up
65%
2am
60%
anything
60%
better.
60%
breaking
60%
Breaking
60%
by
60%
can't
60%
cause
60%
door
60%
exactly
60%
jealous.
60%
kind
60%
much,
60%
much
60%
need
60%
opens
60%
says
60%
says,
60%
see
60%
single
60%
talks
60%
calls
55%
coming
55%
couldn't
55%
everything
55%
heart's
55%
He's
55%
he's
55%
rollercoaster
55%
rush
55%
ask
50%
charming
50%
close
50%
comfortable.
50%
feeling
50%
got
50%
just
50%
makes
50%
now,
50%
sensible,
50%
smile
50%
undone
50%
undone,
50%
wait
50%
acted
45%
crazy,
45%
faking
45%
incredible,
45%
some
45%
respects
40%
space
40%
wild
40%
frustrating,
35%
intoxicating,
35%
complicated,
30%
endearing
30%
away
25%
mistake
25%
Whoa
20%
No matching quizzes found
Score Distribution
Percent of People with Each Score
Percentile by Number Answered
Your Score History
You have not taken this quiz